Unequal distribution of GDP and inequality in terms of economic growth
Enregistré dans:
| Auteur principal: | |
|---|---|
| Format: | Chapitre de livre |
| Langue: | anglais |
| Sujets: | |
| Tags: |
Pas de tags, Soyez le premier à ajouter un tag!
|
MARC
| LEADER | 00000naa$a2200000$$$4500 | ||
|---|---|---|---|
| 001 | 0227132 | ||
| 005 | 20240502083609.9 | ||
| 041 | 0 | |a eng | |
| 044 | |a PL | ||
| 245 | 1 | 0 | |a Unequal distribution of GDP and inequality in terms of economic growth |c Ján Lisý |
| 610 | 2 | 0 | |a produkt domáci hrubý |
| 610 | 2 | 0 | |a rast hospodársky |
| 610 | 2 | 0 | |a teórie ekonomické |
| 610 | 2 | 0 | |a hypotézy |
| 610 | 2 | 0 | |a ukazovatele ekonomické |
| 610 | 2 | 0 | |a zmeny štruktúrne |
| 610 | 2 | 0 | |a technológie nové |
| 100 | 1 | |a Lisý, Ján | |